Relational database theory /
Guardado en:
| Autor Principal: | |
|---|---|
| Otros Autores: | |
| Formato: | Libro |
| Idioma: | English |
| Publicado: |
Redwood City, Calif. :
Benjamin/Cummings,
[1993?]
|
| Materias: | |
| Etiquetas: |
Agregar Etiqueta
Sin Etiquetas, Sea el primero en etiquetar este registro!
|
| LEADER | 00699cam a2200205 a 4500 | ||
|---|---|---|---|
| 001 | MAT.inmabb004246 | ||
| 008 | 920827s1993####caua#####b####001#0#eng## | ||
| 005 | 20130419121711.0 | ||
| 245 | 1 | 0 | |a Relational database theory / |c Paolo Atzeni, Valeria De Antonellis. |
| 260 | |a Redwood City, Calif. : |b Benjamin/Cummings, |c [1993?] | ||
| 300 | |a ix, 389 p. : |b il. ; |c 24 cm. | ||
| 504 | |a Incluye referencias bibliográficas (p. 363-375) e índice. | ||
| 020 | |a 0805302492 | ||
| 100 | 1 | |a Atzeni, Paolo, |d 1957- | |
| 700 | 1 | |a De Antonellis, Valeria, |d 1951- | |
| 650 | 0 | |a Relational databases. | |
| 084 | |a 68P15 |2 msc2000 | ||
| 010 | |a 92030507 | ||
| 040 | |a DLC |c DLC |d DLC | ||
| 859 | |h 68 |i At887 |p A-6786 |b BIB. MATEMATICA | ||
